Top 10 des joueurs qui on gagné le plus de Ballon D'Or - Statistiques

Statistiques générales
  • Ce quiz a été pris 262 fois
  • Le résultat moyen est 6 sur 10
Statistiques - réponses
Hint Réponse % Correct
1 Messi (8)
100%
10 Ronaldo (2)
100%
2 Ronaldo (5)
100%
3 Platini (3)
73%
4 Cruyff (3)
61%
5 Van Basten (3)
50%
7 Beckenbauer (2)
43%
6 Di Stefano (2)
35%
8 Rummenigge (2)
18%
9 Keegan (2)
12%
Aucun quiz correspondant
Distribution des résultats
% des personnes avec chaque résultat
Percentile par nombre de réponses
Votre historique - résultats
Vous n’avez pas pris ce quiz